Foods That Are Blue/Purple Quiz Stats

 Plays Quiz Updated Jan 27, 2015

Also try: Foods That Are Red
Challenge
Share
Tweet
Score 0/12 Timer 04:00
2 Plays Today
Column % Correct
Blueberries
99%
Red onions
97.5%
Purple grapes
96.2%
Eggplant
94.8%
Plums
94.4%
Blackberries
91.3%
Red cabbage
89.6%
Prunes
77.1%
Lavender
69.6%
Purple sprouting broccoli
67.8%
Figs
58.7%
Kale
55.5%

You're not logged in!

Compare scores with friends on all Sporcle quizzes.
OR
Log In

You Might Also Like...

Show Comments

Extras

Top Quizzes Today


Score Distribution

Your Account Isn't Verified!

In order to create a playlist on Sporcle, you need to verify the email address you used during registration. Go to your Sporcle Settings to finish the process.

Report this User

Report this user for behavior that violates our Community Guidelines.

Details: